Dedoles veselé ponožky, ktoré nemajú pár

Založenie a charakteristika startupu Dedoles. Podnikateľský model Canvas. Tržby a zisky.

Enregistré dans:
Détails bibliographiques
Auteur principal: Mišúnová Hudáková, Ivana, 1976-
Format: Chapitre de livre
Langue:slovaque
Sujets:
Tags: Ajouter un tag
Pas de tags, Soyez le premier à ajouter un tag!

MARC

LEADER 00000naa$a2200000$$$4500
001 0271213
005 20240502074248.8
041 0 |a slo 
044 |a SK 
245 1 0 |a Dedoles  |b veselé ponožky, ktoré nemajú pár  |c Ivana Mišúnová Hudáková 
520 |a Založenie a charakteristika startupu Dedoles. Podnikateľský model Canvas. Tržby a zisky. 
610 2 0 |a textil 
610 2 0 |a značky výrobkov 
610 2 0 |a obchod elektronický 
610 2 0 |a dizajn 
100 1 |a Mišúnová Hudáková, Ivana, 1976-